| 000 | 00742nam a22002537a 4500 | ||
|---|---|---|---|
| 003 | CHAP | ||
| 005 | 20220329133505.0 | ||
| 008 | 971013s r 00010 d | ||
| 010 | _a6984 | ||
| 011 | _a7956 | ||
| 035 | _a7181 | ||
| 040 | _cCHAP | ||
| 090 | _aR-3431 | ||
| 100 | 0 | 0 |
_aRose, Robin. _9100084 |
| 245 | _aRoot volume as a grading criterion to improve field performance of Douglas-fir seedlings | ||
| 500 | _aSobretiro de : New Forests 5 : 195-209, 1991 | ||
| 590 |
_aBATCH-UPD _b10 _c20130110 _lUCH01 _h1624 |
||
| 590 |
_aCONVERSION _b10 _c20130109 _lUCH01 _h1305 |
||
| 650 | 1 | 4 |
_aPseudotsuga menziesii. _992591 |
| 650 | 1 | 4 |
_aRaĆces _994670 |
| 901 | _aBK | ||
| 942 | _cREIMP | ||
| 949 |
_aR-3431 _bBC _cR _d-16995 _eTS1 _i7181 _mD _si |
||
| 999 |
_c6984 _d6984 |
||